| 000 | 00445nam a2200193Ia 4500 | ||
|---|---|---|---|
| 003 | OSt | ||
| 005 | 20230510092540.0 | ||
| 008 | 210423s2000 xx 000 0 und d | ||
| 040 | _cAL | ||
| 041 | _aeng | ||
| 082 |
_a364 _223 _bAHUC |
||
| 100 |
_aAHUJA (Ram). _9101832 |
||
| 245 | _aCriminology. | ||
| 260 |
_aKottayam _bRawat Publications _c2000 |
||
| 300 |
_av,26 _bPB |
||
| 365 |
_b175 _cINR |
||
| 906 | _aCriminology. | ||
| 942 |
_2ddc _cBK |
||
| 999 |
_c171719 _d171719 |
||